000 00686nam a2200181Ia 4500
008 090630s9999 xx 000 0 und d
082 _b6742
100 _aमथुरे सुरेश.
245 _aविज्ञानाचे वाटाडे भाग 1.
_cमथुरे सुरेश.
260 _bअनिरुध्द साहित्य.
_c1980
300 _a67
600 _aमथुरे सुरेश.
630 _aविज्ञानाचे वाटाडे भाग 1.
655 _aइतर.
700 _aमथुरे सुरेश.
730 _aविज्ञानाचे वाटाडे भाग 1.
942 _cBOOK
999 _c258598
_d258598